Prejavy agresivity u študentov stredných škôl = Effects of playing computer games on youth aggression : Diplomová práca

Saved in:
Bibliographic Details
Main Author: Hercová, Martina (Author)
Other Authors: Andres, Pavel, 1- (xxx)
Format: Manuscript Book
Language:Slovak
Published: Trnava : STU v Bratislave MTF UIPH, 2009
Subjects:
Tags: Add Tag
No Tags, Be the first to tag this record!

MARC

LEADER 00000ntm a22000003a 4500
001 stu198842
005 20160719160147.6
008 100122s2009----xo------------------slo-d
040 |a STU  |b slo 
041 0 |a slo 
044 |a xo 
100 1 |a Hercová, Martina  |4 aut 
245 1 |a Prejavy agresivity u študentov stredných škôl = Effects of playing computer games on youth aggression :  |b Diplomová práca 
260 |a Trnava :  |b STU v Bratislave MTF UIPH,  |c 2009 
300 |a 68 s  |c Prílohy + 1 CD-ROM 
500 |a Študijný program: učiteľstvo technických profesijných predmetov 
500 |a Študijný odbor: 1.1.2 učiteľstvo profesijných predmetov a praktickej prípravy 
650 7 |a agresivita  |2 stusub 
650 7 |a počítačová hra  |2 stusub 
650 7 |a násilie a agresivita  |2 stusub 
700 1 |a Andres, Pavel,  |d 1-  |4 xxx  |X 61765  |7 A000061765 
996 |b 284M077819  |c M*DP-8832  |l MMSKP  |s P  |a 0  |w stu198842_0001